Filme ihren Protagonisten zuordnen - Statistiken

Allgemein
  • Dieses Quiz wurde 805 mal gespielt
  • Das Durchschnittsergebnis liegt bei 10 aus 15
Antwortstatistiken
Protagonist Film(-reihe) % Korrekt
Harry Potter Harry Potter
100%
Anakin Skywalker Star Wars
97%
James Bond James Bond
95%
Simba König der Löwen
94%
Gandalf Herr der Ringe
92%
Jack Sparrow Pirates of the Caribbean
91%
Sid Ice Age
87%
Iron Man Avengers
82%
Maverick Top Gun
81%
Abahachi Der Schuh des Manitu
51%
Rose DeWitt Bukater Titanic
36%
Chantal Ackermann Fack ju Göhte
30%
Jake Sully Avatar
28%
Alan Grant Jurassic Park
20%
Captain Steven Hiller Independence Day
6%
Keine übereinstimmenden Quizze gefunden
Verteilung der Resultate
Anzahl Personen mit jedem Resultat
Perzentil nach korrekt beantworteten Fragen
Ihre Resultats-Entwicklung
Sie haben dieses Quiz noch nicht gespielt